| 000 | 00576nam a2200193Ia 4500 | ||
|---|---|---|---|
| 003 | OSt | ||
| 005 | 20250305103612.0 | ||
| 008 | 210210b1995 xxu||||| |||| 00| 0 eng d | ||
| 040 | _cAL | ||
| 082 | _a398.2K AMRY | ||
| 100 |
_aAMRATA SOMESHVARA. _967580 _dಅಮೃತ ಸೋಮೇಶ್ವರ |
||
| 245 |
_aYakshandola _bಯಕ್ಷಾಂದೋಳ |
||
| 260 |
_aSomehwara. _bAmarata Somehwara Abinandana samithi, Kalagangotri., _c1995 |
||
| 300 | _a195 | ||
| 650 |
_aYakshandola, Yakshagana _967581 |
||
| 690 |
_aYakshagana _967582 |
||
| 906 | _a052095 | ||
| 942 |
_2ddc _cDB |
||
| 999 |
_c100352 _d100352 |
||